| 000 | 00568nam a2200193Ia 4500 | ||
|---|---|---|---|
| 003 | LDD | ||
| 008 | 181029s9999 xx 000 0 und d | ||
| 020 |
_a8180693368 _c200.00 |
||
| 040 | _cLDD | ||
| 100 | _aSrivastava,Gouri | ||
| 245 | 0 |
_aWoman role models _bsome eminent women of contemporary India _cGouri Srivastava |
|
| 260 |
_aNew Delhi _bConcept _c2006 |
||
| 300 | _a96p. | ||
| 365 | _b200.00 | ||
| 901 |
_a3871 _b05-03-2007 |
||
| 902 |
_aUBS7368 _b12-03-2007 _cF _dUPPAL _e64 |
||
| 903 |
_aDiscount-10 _bReqst by : Anu Aneja |
||
| 942 |
_2ddc _cBK |
||
| 999 |
_c78493 _d78493 |
||